[Event "TUR-chT 2nd League"]
[Site "Konya"]
[Date "2017.07.23"]
[Round "9.13"]
[White "Ozdemir, Ibrahim"]
[Black "Mengilli, Ali Deniz"]
[Result "1-0"]
[WhiteElo "1524"]
[BlackElo "1239"]
[PlyCount "127"]
[EventDate "2017.07.17"]
[EventType "team-swiss"]
[EventRounds "9"]
[EventCountry "TUR"]
[SourceTitle "EXT 2018"]
[Source "ChessBase"]
[SourceDate "2017.10.13"]
[SourceVersion "1"]
[SourceVersionDate "2017.10.13"]
[SourceQuality "1"]
[WhiteTeam "Gaziante Seviye"]
[BlackTeam "Mardin Kale"]
[WhiteTeamCountry "TUR"]
[BlackTeamCountry "TUR"]

1. f4 d5 2. Nf3 Nf6 3. e3 Bf5 4. d4 e6 5. Bd3 Bxd3 6. Qxd3 Bd6 7. Nbd2 Nbd7 8. 0-0 0-0 9. Ne5 c5 10. c3 c4 11. Qc2 b5 12. Rf3 a5 13. b3 Ne8 14. e4 cxb3 15. axb3 dxe4 16. Nxe4 f5 17. Nxd6 Nxd6 18. Qe2 Nxe5 19. fxe5 Ne4 20. Bb2 b4 21. cxb4 axb4 22. Ra6 Rxa6 23. Qxa6 Qd7 24. g4 Nc3 25. Qd3 Nd5 26. gxf5 Rxf5 27. Rxf5 exf5 28. Qc4 Qb7 29. Bc1 Kf7 30. Bd2 Ke6 31. Kf1 h6 32. Ke2 Ke7 33. Qc5+ Ke8 34. Kd3 f4 35. Kc4 f3 36. Be1 Ne3+ 37. Kd3 Ng4 38. Bxb4 Qa6+ 39. Ke4 Qg6+ 40. Kf4 Qg5+ 41. Kxf3 Nxh2+ 42. Ke4 Qg2+ 43. Kd3 Qf1+ 44. Kc2 Qe2+ 45. Kc1 Qe3+ 46. Kb2 Qe2+ 47. Ka3 Qa6+ 48. Ba5 Nf3 49. Kb4 h5 50. Qd5 Nh4 51. Qd8+ Kf7 52. Qxh4 Qb7+ 53. Kc5 Qa7+ 54. Bb6 Qa3+ 55. Kc4 Qa6+ 56. Kc3 Qc8+ 57. Bc5 Qg4 58. Qe7+ Kg6 59. Qe8+ Kf5 60. Qd7+ Kf4 61. Qxg4+ hxg4 62. e6 g3 63. e7 g2 64. d5 1-0

[Event "TUR-chT 2nd League"]
[Site "Konya"]
[Date "2017.07.20"]
[Round "6.12"]
[White "Ozkeskin, Nazim Efe"]
[Black "Ozdemir, Ibrahim"]
[Result "1-0"]
[WhiteElo "1525"]
[BlackElo "1524"]
[PlyCount "132"]
[EventDate "2017.07.17"]
[EventType "team-swiss"]
[EventRounds "9"]
[EventCountry "TUR"]
[SourceTitle "CBM 179 Extra"]
[Source "ChessBase"]
[SourceDate "2017.08.23"]
[SourceVersion "1"]
[SourceVersionDate "2017.08.23"]
[SourceQuality "1"]
[WhiteTeam "Izmir Cesme Belediye"]
[BlackTeam "Gaziante Seviye"]
[WhiteTeamCountry "TUR"]
[BlackTeamCountry "TUR"]

1. e4 g6 2. d4 Bg7 3. Nc3 d6 4. Be3 Nd7 5. f3 Ngf6 6. Qd2 h5 7. Be2 e5 8. d5 Nb6 9. 0-0-0 Bd7 10. Kb1 Qe7 11. Nb5 Bxb5 12. Bxb5+ Nfd7 13. Qc3 Rc8 14. Ne2 a6 15. Bxb6 axb5 16. Be3 c5 17. dxc6 bxc6 18. Qb4 Bf8 19. Rd2 Qe6 20. Rhd1 Qc4 21. Qxc4 bxc4 22. f4 f6 23. b3 cxb3 24. cxb3 Be7 25. Rc2 Kf7 26. Rdc1 c5 27. Nc3 Nb6 28. fxe5 fxe5 29. Nb5 Rb8 30. Rd1 Rhd8 31. Rcd2 Nc8 32. Nc7 c4 33. Kc2 cxb3+ 34. axb3 Nb6 35. Bxb6 Rxb6 36. Nd5 Rc6+ 37. Kb2 Bg5 38. Rf2+ Ke6 39. Rdf1 Rdc8 40. Ra1 Rc5 41. Ra7 Rxd5 42. exd5+ Kxd5 43. Rc2 Rf8 44. b4 Be3 45. Ra5+ Ke4 46. Rc4+ Bd4+ 47. Kb3 Rf2 48. Rc2 Rf1 49. Kc4 g5 50. Rd5 Rf6 51. Re2+ Be3 52. b5 Rf1 53. Rxd6 Rc1+ 54. Kb3 Rb1+ 55. Rb2 Rf1 56. b6 Bd4 57. b7 Rf8 58. Rc2 Rb8 59. Rd7 Ke3 60. Ra2 e4 61. Ra8 Be5 62. Rxb8 Bxb8 63. Kc2 Bxh2 64. Rd2 h4 65. Kd1 Bg3 66. Rc2 g4 1-0